LEADER 03285nam 2200457 450 001 9910819245603321 005 20230807214950.0 010 $a2-335-00141-8 035 $a(CKB)3790000000024052 035 $a(EBL)2087284 035 $a(MiAaPQ)EBC2087284 035 $a(Au-PeEL)EBL2087284 035 $a(OCoLC)914148618 035 $a(EXLCZ)993790000000024052 100 $a20200121d2015 uy 0 101 0 $afre 135 $aur|n|---||||| 181 $ctxt$2rdacontent 182 $cc$2rdamedia 183 $acr$2rdacarrier 200 10$aMiscellanea philosophiques /$fDenis Diderot 210 1$a[Place of publication not identified] :$cLigaran,$d[2015] 210 4$d©2015 215 $a1 online resource (187 p.) 225 0 $aLivre nume?rique 300 $aDescription based upon print version of record. 327 $aCouverture; Page de Copyright; Page de titre; Regrets sur ma vieille robe de chambre ou avis a? ceux qui ont plus de gou?t que de fortune; Avis au lecteur; Re?sultat d'une conversation sur les e?gards que l'on doit aux rangs et aux dignite?s de la socie?te?; Caracte?res incertains consultation a? diffe?rentes personnes sur un me?me fait; Diversite? et e?tendue de l'esprit; Sur la diversite? de nos jugements; Sur le ge?nie; Des ide?es accessoires; Sur l'e?vidence; Pense?es; Discours d'un philosophe a? un roi; La ve?rite?; Du re?tablissement de l'impo?t dans son ordre naturel; Fragments politiques; Sur les Chinois 327 $aDes minesDes de?lits et des peines; Avertissement de Naigeon dans l'e?dition de 1798; Lettre de M. de Ramsay peintre du roi d'Angleterre, a? M. Diderot; Des recherches sur le style par Beccari A. (1771); Notes sur le traite? des de?lits et des peines; Re?flexions sur un ouvrage publie? a? l'occasion de la renonciation volontaire de Rousseau au droit de citoyen de Gene?ve; Sur les recueils philosophiques et litte?raires; Sur les observations sur la religion, les lois, le gouvernement et les m?urs des Turcs traduit de l'anglais de M. Porter, par Bergier; E?phe?me?rides du citoyen; Tome V; Tome VI; Tome VII 327 $aTome VIIISur les lettres d'un fermier de Pennsylvanie aux habitants de l'Ame?rique septentrionale; Spe?culations utiles et maximes instructives; Dieu et l'homme par M. de Valmire; Sur le paralle?le; Principes philosophiques; Morcea de Diderot; Sur l'e?ducation des rois; Abre?ge? du code de la nature; La Moi?sade; Re?flexions; Re?plique 330 $a Extrait de la notice pre?liminaire : ""Naigeon nous donne quelques renseignements sur les proce?de?s de travail de Diderot. Les voici : « Diderot, dit-il, avait contracte? depuis tre?s longtemps l'habitude d'e?crire sur les premiers feuillets de ses livres, et souvent sur des feuilles volantes qu'il y inse?rait, le jugement qu'il portait de ces diffe?rents ouvrages et ses propres re?flexions sur l'objet ge?ne?ral de la discussion."" 606 $aPhilosophy$vMiscellanea 615 0$aPhilosophy 676 $a100 700 $aDiderot$b Denis$f1713-1784,$0346081 801 0$bMiAaPQ 801 1$bMiAaPQ 801 2$bMiAaPQ 906 $aBOOK 912 $a9910819245603321 996 $aMiscellanea philosophiques$94009194 997 $aUNINA